00814cam a2200217Ka 450000500170000000800410001702000180005803500390007604000500011504100080016510000240017324500650019726000530026230000460031549000550036150400410041665000340045765000410049165000330053265000310056520150610070838.0150610s2011 gw ad fr 000 0 eng d a9783834933553 a(OCoLC)755068892z(OCoLC)763154877 aCO-BoUCMbspacJose A. GerenadJose A. Gerena0 aeng1 aGrahl, Alexander de10aSuccess factors in logistics outsourcingcAlexander de Grahl aWiesbaden (Hesse, Alemania)bGabler Verlagc2011 axv, 109 páginasbilustraciones, cuadros1 aGabler researchaEssays on supply chain management aIncluye referencias bibliográficas 7aAdministración de empresas  7aAdministración de la producción  7aLogística en los negocios  7aEstrategias empresariales